| 000 | 00862nam a2200253Ia 4500 | ||
|---|---|---|---|
| 003 | OSt | ||
| 005 | 20221005112849.0 | ||
| 006 | a|||||r|||| 00| 0 | ||
| 007 | ta | ||
| 008 | 221004b |||||||| |||| 00| 0 pan d | ||
| 020 |
_a8187762387 (hbk) _c150 |
||
| 024 | _a104582 | ||
| 037 |
_b517, 02/02/2011, H.K. Prakashan _cTextual |
||
| 040 |
_aCRL _cCRL _bpan |
||
| 041 |
_2pan _apan |
||
| 082 | _aO153,1:g, P6 | ||
| 100 | _aਹੁੰਦਲ, ਹਰਭਜਨ ਸਿੰਘ | ||
| 245 | 0 | _aਕਵਿਤਾ ਦੇ ਰ ਬਰੂ | |
| 260 |
_aਦਿੱਲੀ _bਐੱਚ. ਕੇ. ਪ੍ਰਕਾਨ ਭਾਰਤ _c2006 |
||
| 300 |
_a152ਪੰ _ccm. |
||
| 650 | _aਪੰਜਾਬੀ ਸਾਹਿਤ | ||
| 942 |
_hO153,1:g, P6 _cTEXL _2cc |
||
| 999 |
_c1026233 _d1026233 |
||